Union Berlin Best Scorer By Year - Statistics

General Stats
  • This quiz has been taken 79 times
    8 since last reset
  • The average score is 6 of 25
Answer Stats
Player % Correct
Benedict Hollerbach
88%
Sheraldo Becker
88%
Max Kruse
63%
Taiwo Awoniyi
63%
Sebastian Andersson
50%
Robin Gosens
38%
Bernd Quade
13%
Günther Wirth
13%
Harry Röllke
13%
Hartmut Felsch
13%
Heinz Merbs
13%
Joachim Ernst
13%
Joachim Sigusch
13%
Klaus-Dieter Helbig
13%
Meinhard Uentz
13%
Meinhard Uentz
13%
Michael Paschek
13%
Olaf Hirsch
13%
Olaf Seier
13%
Rainer Rohde
13%
Ralf Sträßer
13%
Reinhard Gärtner
13%
Reinhard Lauck
13%
René Adamczewski
13%
Ulrich Netz
13%
No matching quizzes found
Score Distribution
Percent of People with Each Score
Percentile by Number Answered
Your Score History
You have not taken this quiz since the last reset